000 02532nam a2200421 c 4500
003 BLK
005 20240711134950.0
008 180409b bul|||||r ||||||| ||bul||
010 _aKNG00140567000
020 _a978-954-28-0500-7
_bиздат.: Сиела Софт енд Паблишинг
040 _aBLK
041 _aBUL
_cBUL
072 7 _2bullib
_aН82
_xЛитературознание Н
080 _aЛитературна дейност. Редактиране. Култура на речта. Стилистика. Литературна техника
_b808
_x
_z808
080 _aВъображение. Фантазия. Форми и граници на въображението. Творчество
_b159.954
_x
_z159.954
100 1 _aНовакович, Йосип
_eпърви автор
_9103692
700 1 _aКръстева, Мария
_d1957 - 2011
_qГеоргиева, Мария Кръстева
_953160
139 _aНовакович, Йосип
_bН 85
245 1 0 _aКурс по творческо писане
_bОсновни принципи, ясни насоки, подкрепени с примери от творчеството на класически и съвременни автори, изобретателни упражнения и методи за оценяване на вашия напредък
_cЙосип Новакович; прев. от англ. Мария Кръстева.
257 _aUSA
260 София
_bСиела Софт енд Паблишинг
_c2009
300 _a324 с.
_c21 см
380 _a82
500 _aОриг. загл. Fiction Writer's Workshop / Josip Novakovich. - Пълното име на прев. е Мария Кръстева Георгиева. - Съдържа и за авт. - Офс. изд. - Азб. показалец.
650 4 _aПсихология на литературното творчество
_9272966
650 4 _aЛитературен език и стил
_9275777
653 _aпсихология на литературното творчество
653 _aлитературен език
653 _aлитературна техника
653 _aлитературна стилистика
659 _aН
852 _aЦб 258697
856 4 _qpdf
_u
856 4 _qpdf
_u
942 _cKNG
_n0
_01
944 _aCR
_c12.03.2013
_lГеновева Генчева
_k30560
944 _aED
_c07.04.2017
_lф /
_kТеодора_Стоянова
999 _c134652
_d134652